[Event "SCC Tornado"]
[Site "?"]
[Date "1996.12.22"]
[Round "3"]
[White "Bailey, B."]
[Black "Murray, A."]
[Result "0-1"]
[WhiteElo "1880"]
[BlackElo "1658"]
[Annotator "Stockfish 14 (15s)"]
[PlyCount "123"]

{C18: French: 3 Nc3 Bb4: Main line: 7 h4 and 7 Qg4} 1. e4 e6 2. d4 d5 3. Nc3
Bb4 4. e5 c5 5. a3 Bxc3+ 6. bxc3 Qc7 7. Be3 Nc6 (7... Bd7 8. Nf3 Ba4 9. Bd3 Nc6
10. O-O c4 11. Be2 O-O-O 12. Rb1 Nge7 13. Qd2 h6 14. Rb2 Nf5 15. Rfb1 b6 16.
Ne1 g5 17. f4 Nxe3 18. Qxe3 Rdg8 19. fxg5 hxg5 20. Bg4 Qe7 21. Qf3 {
1-0 (21) Nhung Khuong Thi Hong (2125)-Worek,J Menorca 1996}) (7... cxd4 8. Bxd4
Nc6 9. Nf3 Nge7 10. Bd3 Nxd4 11. cxd4 Qc3+ 12. Ke2 Bd7 13. Rb1 Nc6 14. Re1 Rb8
15. Bb5 a6 16. Rb3 Qa5 17. Bxc6 Bxc6 18. Kf1 Bb5+ 19. Kg1 O-O 20. Qa1 Rfc8 21.
Qb2 Rc7 22. c3 {Bowles,C (1629)-Goodman,K (1870) Kitchener 2006 0-1 (32)}) 8.
Nf3 Bd7 $146 (8... Nge7 9. Be2 (9. Bd3 c4 10. Be2 Nf5 11. Qd2 Bd7 12. O-O O-O
13. h3 Nxe3 14. Qxe3 Ne7 15. Nh4 Ba4 16. Qd2 Nc8 17. f4 Qe7 18. Nf3 f6 19. exf6
Rxf6 20. Ne5 Nd6 21. Bg4 Ne4 22. Qe3 Bxc2 23. Rac1 Ba4 {
Zapata,D-Lopes,M Pan American 1998 0-1 (66)}) 9... O-O 10. O-O Nf5 11. Qd2 cxd4
12. Nxd4 f6 13. exf6 Rxf6 {
1-0 (13) Akira Terao,R-Monton Queralt,J Oropesa del Mar 1999}) 9. Be2 Nge7 10.
O-O c4 11. Nd2 (11. a4 $5 $11) 11... h6 12. f4 O-O-O 13. Qb1 h5 (13... Rdg8 14.
Nf3 $17) 14. a4 Na5 (14... Nf5 $5 15. Bf2 Qa5 $15) 15. Bf2 (15. Qd1 h4 $14)
15... h4 (15... f6 $5 $11) 16. Nf3 $14 Nf5 (16... h3 $142 $5 17. g4 Rdg8 $14)
17. Qe1 $16 Rh7 $4 (17... h3 $5 18. g4 Nh6 $16) 18. Nxh4 (18. Ng5 $142 Rdh8 19.
Nxf7 $18) 18... Rdh8 19. Nxf5 exf5 20. h3 Qd8 (20... Nc6 21. Bf3 Qa5 22. Qc1
$16) 21. Bf3 $18 Be6 (21... Bc6 22. Qc1 $18) 22. Be3 (22. Qe3 Rh6 $18) 22...
Nc6 23. Kf2 Ne7 24. Ke2 (24. a5 Rh6 $18) 24... Rh6 25. Kd2 (25. a5 Ng6 $18)
25... Bd7 26. Rh1 Ra6 (26... a5 $142 $16) 27. g4 $4 (27. h4 Qe8 $16) 27... Qa5
(27... Kb8 $142 $5 $14) 28. g5 $16 Bxa4 29. h4 b5 $2 (29... Qb6 $18) 30. Qb1 (
30. Qc1 Qd8 31. h5 Rc6 $18) 30... Kc7 31. Qb4 $4 (31. h5 $142 $18) 31... Qxb4
$16 32. cxb4 c3+ 33. Kd3 Rc6 34. Ra3 Kb6 $2 (34... g6 35. Rxc3 Rc4 36. h5 $18)
35. Bf2 (35. h5 Rhc8 36. h6 g6 $18) 35... Rc4 $2 (35... g6 $142 $18) 36. h5 a5
(36... Rxb4 37. Rxc3 Rb2 $18) 37. bxa5+ Kxa5 38. Rc1 $4 (38. h6 $142 Rcc8 39.
Bh4 $18) 38... Rhc8 $4 (38... Nc6 $142 $14) 39. Be1 (39. Ke3 $142 $18) 39... b4
(39... Nc6 40. Bxc3+ b4 $18) 40. Ra2 Kb5 41. Rca1 Ra8 42. h6 gxh6 43. gxh6 Rc6
44. Bh4 Ng6 (44... Rxh6 45. Bxe7 Bxc2+ 46. Kxc2 Rxa2+ 47. Rxa2 $18) 45. Bg5
Rca6 (45... Bxc2+ 46. Kxc2 Rxa2+ 47. Rxa2 $18) 46. Rxa4 (46. Bxd5 $142 Rc8 47.
Bxf7 Nh8 $18) 46... Rxa4 47. Rxa4 Rxa4 48. Bxd5 Ra7 49. Bf3 (49. Bc4+ Ka4 $18)
49... Nf8 (49... b3 50. Kxc3 bxc2 51. Be2+ Kc6 52. Kxc2 Kd5 $18) 50. d5 Kc5 (
50... b3 51. cxb3 Kb4 52. Bd1 $18) 51. d6 Rd7 (51... f6 52. Bxf6 Rh7 53. Bg5
$18) 52. Be7 Nh7 (52... Ng6 53. h7 f6 $18) 53. Bh5 f6 54. Bg6 fxe5 55. Bxf5 e4+
56. Kxe4 b3 57. cxb3 (57. Bxd7 bxc2 58. Ba4 $18) 57... c2 $19 58. Bxd7 (58.
Bxh7 c1=Q 59. Bf5 Qe1+ 60. Kf3 Rxe7 61. dxe7 Qxe7 62. h7 $19) 58... c1=Q 59.
Bf5 (59. b4+ Kxb4 60. Be6 Qb1+ 61. Kd4 Qd1+ 62. Ke5 Qe2+ 63. Kd5 Qc4+ 64. Ke5
Qc5+ 65. Ke4 $19) 59... Qc2+ 60. Ke5 Qc3+ (60... Qb2+ 61. Ke6 Qxb3+ 62. Kd7
Nf6+ 63. Bxf6 Qf7+ 64. Be7 Qxf5+ 65. Kc7 Qc2 66. d7+ Kd5+ 67. Kd8 Ke6 68. Ba3
Qd3 69. f5+ Qxf5 70. Kc8 Qc2+ 71. Kd8 Qc6 72. Ke8 Qxd7+ 73. Kf8 Qf7#) 61. Ke6 (
61. Ke4 Kc6 62. Be6 Qe1+ 63. Kf5 Qb1+ 64. Ke5 Qb2+ 65. Kf5 Qc2+ 66. Ke5 Qe2+
67. Kf5 Qh5+ 68. Ke4 Qxh6 69. Bd5+ Kd7 70. Bc4 Qg6+ 71. f5 Qg4+ 72. Ke5 Qg3+
73. Ke4 Ng5+ 74. Kd5 Qg2+ 75. Ke5 Nf3+ 76. Kf4 $19) 61... Qxb3+ 62. Kd7 0-1

[Event "North American Class"]
[Site "?"]
[Date "1997.12.26"]
[Round "1"]
[White "Gordon, P."]
[Black "Bailey, B."]
[Result "1/2-1/2"]
[WhiteElo "1980"]
[BlackElo "1881"]
[Annotator "Stockfish 14 (15s)"]
[PlyCount "93"]

{D00: 1 d4 d5: Unusual lines} 1. d4 d5 2. e3 Nf6 3. Bd3 e6 4. f4 c5 5. c3 Bd7
6. Nf3 Nc6 7. O-O Ne4 (7... c4 8. Bc2 b5 9. Ne5 Qc7 10. Qf3 Bd6 11. g4 b4 12.
Nxc6 Bxc6 13. cxb4 Bxb4 14. Bd2 Bd6 15. Bc3 Rb8 16. a3 a5 17. Nd2 a4 18. Qg2 g6
19. Nf3 h5 20. h3 hxg4 21. hxg4 Ke7 22. Kf2 {
Dukowicz,A (2055)-Swicarz,M (2145) Augustow 1996 0-1 (56)}) (7... Be7 8. Ne5
O-O 9. Nd2 h6 10. Ndf3 Ne4 11. Qc2 cxd4 12. exd4 f6 13. Nxd7 Qxd7 14. Bxe4 dxe4
15. Qxe4 Rfe8 16. Bd2 Rad8 17. Rad1 Bd6 18. Kh1 Bc7 19. Qg6 Qf7 20. Qxf7+ Kxf7
21. g3 Ne7 22. Rde1 {Bull,P (1865)-Lutton,J (1940) West Bromwich 2005 1-0 (60)}
) 8. Ne5 g6 9. Qf3 $146 (9. Nd2 f5 10. Nxe4 dxe4 11. Be2 cxd4 12. Nxd7 Qxd7 13.
exd4 h5 14. Be3 Bg7 15. a4 a6 16. Qb3 Kf7 17. Rfd1 Ne7 18. c4 Rhc8 19. Rd2 Bf6
20. Rad1 Kg7 21. d5 e5 22. g3 Rab8 23. a5 Ra8 {
Irimia,M (2161)-Sapelkin,A La Pineda 2004 1/2-1/2 (33)}) (9. Bxe4 $142 $5 dxe4
10. Nd2 $14) 9... f5 $15 10. Nxd7 (10. Qe2 Nxe5 11. fxe5 Bh6 $15) 10... Qxd7
$17 (10... Kxd7 $143 11. Qe2 Qc7 12. Bxe4 dxe4 13. Bd2 $11) 11. Nd2 (11. Qe2
O-O-O $17) 11... O-O-O 12. Qe2 Be7 (12... g5 13. fxg5 Rg8 14. Bxe4 fxe4 15. Qh5
$17) 13. Nf3 a6 (13... h5 $17) 14. a4 (14. Bd2 $142 $11) 14... c4 $17 15. Bc2
Na5 (15... Kb8 $142 $5 $17) 16. Ne5 $11 Qe8 (16... Qc7 $142 17. Nf7 Nb3 $11)
17. Qd1 $4 (17. b3 $142 cxb3 18. Bxe4 fxe4 19. c4 Nxc4 20. Nxc4 dxc4 21. Qxc4+
Qc6 22. Qxb3 $11) 17... Bd6 (17... Kb8 18. Bd2 $19) 18. Nf3 $2 (18. b4 cxb3 19.
Bxe4 fxe4 20. c4 Bxe5 21. fxe5 Nxc4 22. Qxb3 $19) 18... h6 (18... Rd7 19. Nd2
$19) 19. b3 Qc6 $4 (19... cxb3 $142 20. Bxe4 fxe4 $19) 20. b4 $15 Nb3 (20...
Nxc3 $143 21. Qe1 Nb3 22. Qxc3 Nxa1 23. Qxa1 Bxb4 24. Ne5 $16) 21. Bxb3 cxb3
22. Bb2 (22. Nd2 Kd7 (22... Qxc3 $4 23. Nxe4 Qxa1 24. Nxd6+ Rxd6 25. Qxb3 $18)
23. Nxe4 dxe4 24. Qxb3 Rc8 $11) 22... b5 (22... Qc4 $142 23. Nd2 Nxd2 24. Qxd2
Rhg8 $17) 23. Qxb3 Kb7 24. axb5 axb5 25. Ra3 Ra8 26. Rfa1 Qc4 27. Qd1 (27. Qxc4
dxc4 28. Rxa8 Rxa8 29. Rxa8 Kxa8 $11) 27... g5 (27... Rxa3 28. Rxa3 Ra8 29.
Rxa8 Kxa8 30. Qf1 $11) 28. Rxa8 Rxa8 29. Rxa8 Kxa8 30. Nd2 $4 (30. fxg5 $142
hxg5 31. Ne5 Bxe5 32. dxe5 $15) 30... Qd3 $19 31. Qa1+ Kb7 32. Nxe4 fxe4 (32...
dxe4 $142 33. fxg5 Qxe3+ 34. Kh1 hxg5 $19) 33. fxg5 $4 (33. Qe1 $142 $15) 33...
Qxe3+ $19 34. Kh1 hxg5 35. Qf1 (35. Qg1 Qd3 36. Bc1 Qxc3 37. g3 Qxb4 38. Kg2
$19) 35... Qd3 36. Qe1 e3 37. Bc1 e2 38. g3 Qf3+ 39. Kg1 g4 40. Bd2 e5 41. dxe5
Bxe5 (41... Bb8 42. c4 dxc4 43. h3 gxh3 44. Qf2 Ba7 45. Qxa7+ Kxa7 46. Be3+ Kb7
47. g4 Qg2#) 42. Qf2 $19 Qd3 43. Be1 Bc7 44. Qf7 Qe3+ (44... Ka6 45. c4 dxc4
46. h3 Bb6+ 47. Kg2 Qe4+ 48. Kh2 Qe3 49. Qf2 Qxf2+ 50. Bxf2 Bxf2 51. hxg4 e1=Q
52. Kg2 Bxg3 53. g5 Qf2+ 54. Kh3 Qf3 55. g6 Be5+ 56. Kh4 Bf6#) 45. Kg2 $11 Qe4+
46. Kg1 $4 (46. Kf2 $142 $11) 46... Qe3+ (46... Ka6 47. h3 gxh3 48. Qf2 Bb6 49.
Kh2 Bxf2 50. Kxh3 Bxe1 51. c4 dxc4 52. Kh2 Bxb4 53. g4 e1=Q 54. g5 Q4h1#) 47.
Kg2 $11 1/2-1/2

[Event "North American Class"]
[Site "?"]
[Date "1997.12.27"]
[Round "2"]
[White "Bailey, B."]
[Black "Padilla, J."]
[Result "1-0"]
[WhiteElo "1881"]
[BlackElo "1985"]
[Annotator "Stockfish 14 (15s)"]
[PlyCount "50"]

{C62: Ruy Lopez: Steinitz Defence} 1. e4 e5 2. Nf3 Nc6 3. Bb5 d6 4. d4 Bd7 5.
O-O Qe7 6. Nc3 f6 $2 $146 (6... O-O-O 7. Be3 (7. d5 Nb8 8. Be3 c6 9. dxc6 Bxc6
10. Bxa7 Bxb5 11. Nxb5 Qd7 12. c4 Nc6 13. Bb6 Re8 14. Qa4 Nge7 15. Qa8+ Nb8 16.
Na7# {1-0 (16) Zhao Jun (2521)-Chen Xueshen Wuxi 2005}) 7... exd4 8. Nxd4 Nxd4
9. Qxd4 Bxb5 10. Nxb5 b6 11. Nxa7+ Kb7 12. Nb5 Qe5 13. Qc4 d5 14. exd5 Bd6 15.
Qc6+ Kb8 16. Nxd6 Rxd6 17. Qc4 Qxd5 18. Qxd5 Rxd5 19. Rad1 Rxd1 20. Rxd1 Kc8
21. Bd4 {Capablanca,J-Maloy,M Pittsburgh 1916 1/2-1/2 (45)}) (6... Nf6 7. Bg5
O-O-O 8. Nd5 Qe6 9. Nxf6 gxf6 10. d5 Qe7 11. dxc6 Bg4 12. cxb7+ Kb8 13. Bh4 Rg8
14. Be2 Bh3 15. Bg3 Bd7 16. c4 Bh6 17. b4 f5 18. exf5 Bxf5 19. Qb3 Be6 20. Rfe1
f5 21. Bf1 {Villar,A-Arias Velasco,J (2025) Almendralejo 2003 1-0}) (6... a6
$142 7. Nd5 Qd8 $18) 7. a4 a6 (7... Qf7 8. Nd5 O-O-O 9. a5 $18) 8. Bc4 Nb4 9.
Bd2 Bg4 10. Ne2 (10. h3 h5 11. Bxg8 Bxf3 12. Qxf3 Rxg8 $18) 10... Bxf3 (10...
d5 11. Bxb4 (11. exd5 $6 Bxf3 12. gxf3 O-O-O $16) 11... Qxb4 12. Bxd5 $18) 11.
gxf3 (11. Bxb4 $6 Bxe4 12. Nc3 Bc6 $18) 11... a5 (11... Nc6 12. b4 $18) 12. f4
(12. c3 d5 13. exd5 Na6 $18) 12... h5 (12... d5 13. Bxb4 (13. exd5 $143 O-O-O
14. c3 Nxd5 $18) 13... axb4 14. Bxd5 $18) 13. Ng3 (13. c3 $142 Nc6 14. Qb3 Ra6
15. Qxb7 Rb6 16. Qc8+ Qd8 17. Qxd8+ Kxd8 $18) 13... g6 (13... exf4 14. Bxf4
O-O-O $18) 14. c3 Na6 (14... h4 15. cxb4 hxg3 16. fxg3 axb4 17. a5 exf4 18.
Bxf4 $18) 15. Qb3 c6 16. Bxg8 d5 (16... O-O-O 17. Qe6+ Kb8 18. Qxe7 Bxe7 19.
Bc4 $18) 17. exd5 Rxg8 18. d6 $1 Qg7 (18... Qxd6 19. Qxg8 {Discovered attack} (
19. Qxb7 {Deflection})) 19. d7+ (19. Qe6+ Be7 20. fxe5 Qf7 21. Qxf7+ Kxf7 22.
dxe7 Kxe7 $18) 19... Kd8 (19... Qxd7 20. Qxg8 O-O-O 21. fxe5 fxe5 22. Qxg6 exd4
23. Bg5 $18) 20. fxe5 Rh8 (20... Nc7 21. exf6 Qxf6 22. Qxg8 Kxd7 23. Ne4 $18)
21. Qxb7 (21. e6 Nc7 22. Qxb7 Bd6 $18) 21... Nc7 22. Qxc6 (22. e6 $142 Bd6 23.
c4 Nxe6 24. Qxa8+ Kxd7 25. Qb7+ Ke8 26. Qc8+ Ke7 27. Qxc6 Nxd4 28. Rae1+ Be5
$18) 22... Ra6 23. exf6 (23. Qg2 Qxd7 24. exf6 h4 $18) 23... Qf7 (23... Rxc6
24. fxg7 Bxg7 25. Ne4 Kxd7 26. Rfe1 $18) 24. Qf3 (24. Qb7 Qxd7 25. Bg5 Qc6 26.
Qxc6 Rxc6 $18) 24... Kxd7 (24... Qxf6 25. Qxf6+ Rxf6 26. Bg5 $18) 25. Ne4 Bd6
1-0

[Event "North American Class"]
[Site "?"]
[Date "1997.12.28"]
[Round "3"]
[White "Hicks, E."]
[Black "Bailey, B."]
[Result "1/2-1/2"]
[WhiteElo "1953"]
[BlackElo "1881"]
[Annotator "Stockfish 14 (15s)"]
[PlyCount "73"]

{C38: King's Gambit Accepted: 3 Nf3 g5 4 Bc4 Bg7} 1. e4 e5 2. f4 exf4 3. Bc4 d6
4. Nf3 g5 5. d4 Bg7 6. h4 h6 7. c3 Nc6 8. Qb3 Qe7 9. hxg5 $146 (9. O-O g4 10.
Nh2 (10. Bxf4 gxf3 11. Rxf3 Nf6 12. Nd2 O-O 13. Qc2 Nh5 14. Raf1 Bg4 15. R3f2
Qxh4 16. g3 Qe7 17. Kg2 Rae8 18. Be3 Nd8 19. Rh1 d5 20. Bxd5 Qd6 21. Bf4 Nxf4+
22. Rxf4 Be6 23. Bxe6 Qxe6 24. Nf3 f5 {
Rulle,G-Van Beers,E (2170) Leuven 1994 0-1 (35)}) 10... Nf6 (10... f3 11. Nxg4
Bxg4 12. Qxb7 Nxd4 13. Qxa8+ Kd7 14. Rf2 Nf6 15. Qxa7 Nxe4 16. cxd4 Nxf2 17.
Bb5+ Kd8 18. Nc3 Qe1+ 19. Bf1 Nd3 20. Qa8+ Bc8 21. Qe4 Qf2+ 22. Kh2 Bxd4 23.
Be3 Bxe3 24. Nd1 Qg1+ {
0-1 (24) Rodriguez,A (2556)-Schneider,D (2454) Osasco 2004}) 11. Bxf4 O-O 12.
Nd2 Na5 13. Qa4 Nxc4 14. Qxc4 c6 15. Rae1 Nh5 16. g3 Nxf4 17. Rxf4 h5 18. Rf2
Be6 19. Qd3 Bd7 20. Ree2 Qe6 21. b3 Qg6 22. Nhf1 Bh6 23. Ne3 Rfe8 {
Kaiser,J (2081)-Godoj,V (1941) Berlin 2006 1-0 (38)}) (9. Bd3 Bd7 10. Qxb7 $19)
9... hxg5 10. Rxh8 Bxh8 11. Nxg5 (11. Nbd2 Kf8 12. Bxf7 Qxf7 13. Qxf7+ Kxf7 14.
Nxg5+ Kg6 15. Ndf3 $19) 11... Qxg5 12. Bxf7+ Kf8 (12... Kd8 $142 13. Qc2 Nf6
14. Bc4 $19) 13. Bxg8 Qxg8 (13... Nd8 $5 14. Kf1 Bf6 15. e5 dxe5 16. dxe5 $19)
14. Qxg8+ Kxg8 15. Bxf4 Bg4 16. Nd2 Re8 17. Kf2 b5 (17... Nd8 18. Rh1 $19) 18.
Rh1 b4 19. a3 (19. Ke3 Bf6 $19) 19... bxc3 20. bxc3 Rb8 21. Rb1 Rxb1 22. Nxb1
Bg7 23. Nd2 Kh7 (23... Kf7 24. Ke3 $19) 24. Kg3 (24. Nc4 Bd1 $19) 24... Bd1 25.
Nc4 {White prepares e5} Bh6 (25... Kg6 26. Ne3 Bb3 27. Kf3 $19) 26. e5 $2 (26.
d5 Ne7 27. Bxh6 Kxh6 $19) 26... Bxf4+ (26... dxe5 $142 27. Bxh6 Kxh6 28. dxe5
Kg5 $19) 27. Kxf4 dxe5+ $4 (27... Bb3 $142 28. exd6 Bxc4 29. dxc7 Ne7 $19) 28.
Nxe5 $11 Ne7 29. c4 Bb3 30. Ke4 Bc2+ 31. Ke3 (31. Kf4 a6 $11) 31... Nf5+ (31...
Kg7 32. g4 $11) 32. Kd2 $11 Be4 33. g4 Ne7 34. Kc3 Kg7 35. Kb4 Nc6+ 36. Nxc6
Bxc6 37. Kc5 1/2-1/2

[Event "North American Class"]
[Site "?"]
[Date "1997.12.28"]
[Round "4"]
[White "Bailey, B."]
[Black "Owens, D."]
[Result "1/2-1/2"]
[WhiteElo "1881"]
[BlackElo "1951"]
[Annotator "Stockfish 14 (15s)"]
[PlyCount "97"]

{B09: Pirc Defence: Austrian Attack} 1. e4 d6 2. d4 Nf6 3. Nc3 g6 4. f4 Bg7 5.
Nf3 c5 6. dxc5 Qa5 7. Bd2 Qxc5 8. Qe2 O-O (8... Nc6 9. Qb5 Qxb5 10. Bxb5 a6 11.
Bd3 Nb4 12. O-O Nxd3 13. cxd3 e6 14. Rae1 O-O 15. e5 dxe5 16. fxe5 Nd5 17. Nxd5
exd5 18. Bb4 Re8 19. d4 Bf5 20. Ng5 Be6 21. Rf3 Rad8 22. Ref1 Rd7 23. Rc3 {
Luber,R (2031)-Hawellek,J (2185) Hamburg 2002 1/2-1/2 (33)}) (8... a6 9. Be3
Qa5 10. Qd2 Nc6 11. h3 O-O 12. O-O-O Nxe4 13. Qd5 Bxc3 14. Qxe4 Qxa2 15. bxc3
Bf5 16. Bc4 Qa3+ {0-1 (16) Baxter,R-Stepp,R Tulsa 2005}) 9. Qb5 $146 (9. a3 Bg4
10. Be3 Qa5 11. Bd2 Qb6 12. Be3 Qxb2 {
0-1 (12) Burg,H (1778)-De Reymaeker,W (2047) Antwerp 2003}) (9. O-O-O a6 (9...
Ng4 10. h3 Bxc3 11. Bxc3 Qe3+ 12. Qxe3 Nxe3 13. Re1 Nxf1 14. Rhxf1 Nc6 15. g4
b5 16. b3 a5 17. Rd1 Bb7 18. e5 Rad8 19. exd6 Rxd6 20. Rxd6 exd6 21. Re1 Bc8
22. Bf6 Be6 23. Ng5 Re8 24. Nf3 {
Ferrer Roig,J (2138)-Castell Feliu,A Palma de Mallorca 2003 1-0 (32)}) 10. h3
b5 11. Be3 Qc7 12. Nd5 Nxd5 13. exd5 Nd7 14. Bd4 Nf6 15. g4 Bb7 16. Bxf6 Bxf6
17. f5 Qa5 18. g5 Be5 19. Nxe5 dxe5 20. Kb1 Qc7 21. Bg2 Rac8 22. Be4 Rfd8 23.
Qf3 Qc4 {Stejskal,P-Prokop,J Klatovy 1996 0-1 (36)}) (9. O-O-O $5 Be6 10. h3
$11) 9... Qxb5 $15 10. Bxb5 (10. Nxb5 $143 a6 (10... Nxe4 $143 11. Nc7 Bd7 12.
Nxa8 Nxd2 13. Nxd2 $14) 11. Nc3 b5 $17) 10... a6 11. Bd3 Nc6 (11... b5 12. O-O
Bb7 13. Rae1 $15) 12. Nd5 (12. O-O-O b5 $11) 12... Be6 (12... Nxd5 13. exd5 Nb8
$11 (13... Bxb2 $4 14. Rb1 Bf6 15. dxc6 bxc6 16. c4 $18)) 13. Nc7 $11 Rac8 14.
Nxe6 fxe6 15. Ng5 Nd8 (15... e5 16. Ne6 Rfe8 17. g3 $11) 16. Ba5 (16. c3 e5 17.
fxe5 dxe5 $16) 16... h6 (16... e5 $5 17. fxe5 Ng4 18. Bxd8 Rfxd8 $11) 17. Bxd8
$16 hxg5 18. Bxe7 Rf7 19. Bxd6 gxf4 (19... Ng4 20. e5 (20. fxg5 $143 Bxb2 21.
Rb1 Bc3+ 22. Kd1 e5 $15) 20... Rxf4 21. Bxg6 Nxe5 22. Bxe5 Bxe5 23. O-O-O $16)
20. Bxf4 (20. e5 $5 Ng4 21. Bxg6 $16) 20... Nxe4 $14 21. Bxe4 (21. g3 $5 Bxb2
22. Rb1 Bc3+ 23. Ke2 $14) 21... Rxf4 $11 22. Bd3 Bxb2 23. Rb1 Bc3+ 24. Ke2 Rc7
(24... Rc5 25. Rxb7 Re5+ 26. Kd1 $11) 25. Rb6 Re7 (25... Kf7 26. g3 Bd4 27. Rb4
Rf2+ 28. Ke1 Bc3+ 29. Kxf2 Bxb4 30. Kg2 $11) 26. Rhb1 (26. g3 Ba5 27. gxf4 (27.
Bxg6 $4 Rf6 $19) 27... Bxb6 28. Bxg6 $14) 26... Kf7 $2 (26... Bd4 $142 $5 27.
Rxb7 Rxb7 28. Rxb7 Rf2+ 29. Kd1 Rxg2 $11) 27. Rxb7 $16 Rxb7 28. Rxb7+ Kf6 29.
Bxa6 (29. Rb8 Ra4 30. Rg8 a5 $16) 29... Ra4 30. Kd3 (30. Rb6 $142 $5 $16) 30...
Rxa6 $11 31. Kxc3 Rxa2 32. Rd7 e5 33. Rd2 Kf5 34. Kd3 e4+ $4 (34... Ra4 35.
Rf2+ Ke6 36. c3 $11) 35. Ke2 (35. Kd4 $142 $18) 35... Ra3 36. Rd5+ Ke6 $4 (
36... Kg4 $142 $11) 37. Rg5 Kf6 38. Rg3 $4 (38. Rc5 $142 $18) 38... Ra2 (38...
Ra1 39. h4 $11) 39. Kd1 (39. Rc3 Ra1 $11) 39... Ra1+ $11 40. Kd2 Ra2 (40... g5
41. Re3 Ke5 42. Rg3 $11) 41. Ke3 (41. Rc3 Ra1 42. g3 $11) 41... Rxc2 $11 42.
Kxe4 Ra2 43. Rf3+ Kg7 44. Ke3 Rxg2 45. Rf2 Rxf2 46. Kxf2 Kf6 47. Kg3 Kg5 48.
h4+ Kh5 49. Kh3 1/2-1/2

[Event "North American Class"]
[Site "?"]
[Date "1997.12.29"]
[Round "5"]
[White "Costales, C."]
[Black "Bailey, B."]
[Result "0-1"]
[WhiteElo "1929"]
[BlackElo "1881"]
[Annotator "Stockfish 14 (15s)"]
[PlyCount "100"]

{D02: 1 d4 d5 2 Nf3 sidelines, including 2...Nf6 3 g3 and 2...Nf6 3 Bf4} 1. d4
d5 2. Nf3 Nf6 3. g3 g6 4. Bg2 Bg7 5. O-O O-O 6. Re1 Re8 (6... c6 7. Nbd2 Ne4 8.
c4 f5 9. cxd5 cxd5 10. e3 Nc6 11. a3 e5 12. dxe5 Nxe5 {
1/2-1/2 (12) Molnar,J (2250)-Barabas,T Aggtelek 1993}) 7. Bg5 c6 $146 (7... Bf5
8. Nh4 Qd7 9. Nd2 h6 10. Bxf6 Bxf6 11. Nxf5 Qxf5 12. e4 dxe4 13. Bxe4 Qc8 14.
c3 c6 15. Qb3 e6 16. Nc4 Rd8 17. Qb4 Na6 18. Qb3 Nc7 19. Na5 Rb8 20. Qc2 Kg7
21. Nc4 Nd5 22. Rf1 {Wilke,F (1464)-Penner,M (1271) Berlin 2005 0-1 (32)}) 8.
Nbd2 Nbd7 9. c4 h6 10. Bf4 g5 11. Be5 Nxe5 12. Nxe5 (12. dxe5 $143 Ng4 13. cxd5
Qxd5 $17) 12... Qb6 13. Nb3 {White prepares the advance c5} Nd7 (13... Ng4 14.
Nxg4 (14. cxd5 $2 Bxe5 15. h3 Nxf2 16. Kxf2 cxd5 $19) 14... Bxg4 15. cxd5 cxd5
16. Qd2 $11) 14. c5 (14. Nxd7 $5 Bxd7 15. cxd5 cxd5 16. Bxd5 $11) 14... Qc7 $11
15. Nd3 (15. f4 a5 16. a4 Nxe5 17. dxe5 Rd8 $11) 15... Nf6 (15... a5 16. a4 $15
) 16. e3 Bf5 17. Nbc1 (17. a4 $5 $15) 17... Nd7 $17 18. f4 g4 (18... e6 $142 $5
$17) 19. Nf2 $11 Nf6 (19... h5 $5 20. Ncd3 b6 $11) 20. Ncd3 $14 h5 21. h3 Qc8
22. hxg4 Nxg4 23. Bf3 (23. Nxg4 hxg4 24. Nf2 b6 $11) 23... Bxd3 (23... Qe6 $5
24. Qe2 Rad8 $11) 24. Qxd3 $14 f5 25. Kg2 Kf7 26. Rh1 Rh8 27. Rh3 Qe6 28. Re1 (
28. Bxg4 hxg4 29. Rxh8 Bxh8 $11) 28... Rh6 (28... Bf6 29. Bd1 Rag8 30. Bc2 Nxf2
31. Kxf2 $11) 29. Nd1 Rah8 30. b4 a6 31. a4 Bf6 32. Reh1 h4 33. a5 (33. Qe2 Kf8
$11) 33... Kg7 34. gxh4 Rxh4 (34... Bxh4 35. Kf1 $15) 35. Rxh4 $11 Rxh4 36.
Rxh4 Bxh4 37. Bxg4 fxg4 38. Nc3 $4 (38. Nf2 $142 $11) 38... Be1 $19 39. Kf1 (
39. Ne2 Qh6 40. e4 $19) 39... Bxc3 40. Qxc3 Qe4 41. Qe1 (41. Kg1 Qf3 42. Qe1
$19) 41... Qh1+ 42. Ke2 Qxe1+ 43. Kxe1 Kf6 44. Kf2 Kf5 45. Kg3 Ke4 46. Kxg4
Kxe3 47. Kf5 Kxd4 48. Ke6 Ke4 49. f5 d4 50. Kxe7 Kxf5 0-1

[Event "North American Class"]
[Site "?"]
[Date "1997.12.29"]
[Round "6"]
[White "Flaherty, J."]
[Black "Bailey, B."]
[Result "0-1"]
[WhiteElo "1935"]
[BlackElo "1881"]
[Annotator "Stockfish 14 (15s)"]
[PlyCount "74"]

{C28: Vienna Game: 2...Nf6 3 Bc4 Nc6} 1. e4 e5 2. Nc3 Nc6 3. Bc4 Nf6 4. d3 Na5
5. Bb3 Nxb3 6. axb3 d5 7. Bg5 dxe4 8. dxe4 Qxd1+ 9. Rxd1 Bb4 10. Bxf6 gxf6 11.
Nge2 c6 $146 (11... Rg8 12. Ng3 Bd7 13. O-O c6 14. Rd3 O-O-O 15. Rfd1 Be6 16.
Rxd8+ Rxd8 17. Rxd8+ Kxd8 18. Nce2 Kc7 19. c3 Bc5 20. b4 Be7 21. f4 Kb6 22. f5
Bb3 23. Kf2 Kb5 24. Nf1 Bf8 25. Ne3 Bh6 26. Kf3 {
Lutz,R-Heinz,T Bayern 1997 0-1 (35)}) 12. Ng3 Rg8 13. O-O Bxc3 14. bxc3 Be6 15.
Rd3 (15. f4 exf4 16. Rxf4 Ke7 $11) 15... Ke7 16. f3 (16. f4 exf4 17. Rxf4 Rg4
$11) 16... Rad8 (16... a5 $142 $5 $15) 17. Ra1 $11 a6 18. Kf2 Rd7 (18... Ra8
19. c4 $11) 19. Rad1 (19. c4 Rdd8 $14) 19... Rgd8 20. Ke3 Rxd3+ 21. cxd3 a5 (
21... Bxb3 $143 22. Rb1 Be6 23. Rxb7+ Rd7 24. Rb6 $18) 22. Ra1 Ra8 23. Nf5+ Kd7
24. c4 b6 25. d4 a4 26. d5 $4 (26. Kd3 $142 Bxf5 27. exf5 $11) 26... cxd5 $19
27. cxd5 Bxf5 28. exf5 (28. bxa4 Bg6 29. g4 h5 $19) 28... a3 29. Kd3 a2 $4 (
29... b5 $142 30. Ra2 Kd6 $19) 30. Kc3 $4 (30. Kc4 $142 $11) 30... Kd6 $19 31.
Kb2 (31. Kc4 Ra5 $19) 31... Kxd5 32. Rxa2 (32. Rd1+ Kc5 33. Rc1+ Kb5 34. Ra1
$19) 32... Rxa2+ 33. Kxa2 Kd4 34. Ka3 Ke3 35. Kb4 Kf2 36. Kb5 Kxg2 37. Kxb6
Kxf3 0-1